How Money Works <The> Facts Visually Explained

Salvato in:
Dettagli Bibliografici
Autore principale: Sims, Julian
Altri autori: Curphey, Marianne
Natura: Libro
Lingua:inglese
Pubblicazione: London DK (Dorling Kindersley) 2017
Soggetti:
Tags: Aggiungi Tag
Nessun Tag, puoi essere il primo ad aggiungerne!!

MARC

LEADER 00000nam a2200000 4500
001 0248887
005 20240221112815.4
020 |a 978-0-2412-2599-8 
041 0 |a eng 
044 |a GB 
245 1 0 |a How Money Works  |b <The> Facts Visually Explained  |c Julian Sims, Marianne Curphey ... [et al.] 
264 1 |a London  |b DK (Dorling Kindersley)  |c 2017 
300 |a 255 s. 
610 2 0 |a peniaze 
610 2 0 |a zisk 
610 2 0 |a inštitúcie finančné 
610 2 0 |a financie verejné 
610 2 0 |a financie osobné 
100 1 |a Sims, Julian 
700 1 |a Curphey, Marianne